Engelliler için mekan düzenlemelerinde : (Kayıt no. 10397)

MARC ayrıntıları
000 -BAŞLIK
Sabit Uzunluktaki Kontrol Alanı 00739nam a22002297a 4500
003 - KONTROL NUMARASI KİMLİĞİ
Kontrol Alanı KOHA_MİRAKIL
005 - EN SON İŞLEM TARİHİ ve ZAMANI
Kontrol Alanı 20260602102955.0
008 - SABİT UZUNLUKTAKİ VERİ ÖGELERİ - GENEL BİLGİ
Sabit Alan 260602b tu ||||| |||| 00| 0 tur d
020 ## - ISBN - ULUSLARARASI STANDART KİTAP NUMARASI
Isbn 9789757912507
040 ## - KATALOGLAMA KAYNAĞI
Özgün Kataloglama Kurumu TR-AnABB
Kataloglama Dili tur
Çeviri Kurumu TR-AnABB
041 ## - DİL KODU
Metin ya da ses kaydının dil kodu tur
082 ## - DEWEY ONU SINIFLAMA SİSTEMİ
Sınıflama Numarası 720.86
Cutter numarası KOC 2017
100 1# - KİŞİ ADI
Yazar Adı (Kişi adı) Koca, Duygu
245 10 - ESER ADI BİLDİRİMİ
Başlık Engelliler için mekan düzenlemelerinde :
Alt Eseradı vb. kapsayıcı tasarım /
Sorumluluk Bildirimi Duygu Koca, Meltem Yılmaz
246 ## - DEĞİŞİK BAŞLIK FORMU
Başlık uygun / kısa başlık Kapsayıcı tasarım
260 ## - YAYIN, DAĞITIM, VB.
Yayın Yeri Ankara :
Yayınevi Yükseköğretim Kurulu Yayınları,
Yayın Tarihi 2017
300 ## - FİZİKSEL TANIMLAMA
Sayfa, Cilt vb. 225 sayfa ;
Boyutları 20 cm
650 04 - KONU BAŞLIĞI EK GİRİŞ - KONU TERİMİ
Konusal terim veya coğrafi ad Mimari düzenlemeler
650 04 - KONU BAŞLIĞI EK GİRİŞ - KONU TERİMİ
Konusal terim veya coğrafi ad Mimari düzenlemeler, Erişilebilirlik
700 1# - EK GİRİŞ - KİŞİ ADI
Yazar Adı (Kişi adı) Yılmaz, Meltem
9 (RLIN) 3646
942 ## - EK GİRİŞ ÖGELERİ (KOHA)
Sınıflama Kaynağı Dewey Decimal Classification
Materyal Türü Kitap
900 ## - YEREL BİLGİ
Kontrol Can ÇELIK
Mevcut
Geri Çekilme Durumu Kayıp Durumu Sınıflandırma Kaynağı Kredi için değil Kalıcı Konum Mevcut Konum Kayıt Tarih Toplam Ödünçverme Yer Numarası Demirbaş Numarası Son Görülme Tarihi Fatura Tarihi Materyal Türü
    Dewey Decimal Classification   Prof. Dr. Ruşen Keleş Kütüphanesi Prof. Dr. Ruşen Keleş Kütüphanesi 02/06/2026   720.86 KOC 2017 RK7122 02/06/2026 02/06/2026 Kitap